|
|
|
|
| LEADER |
01838nam a2200313 a 4500 |
| 001 |
9373855 |
| 003 |
BD-DhAAL |
| 008 |
100926r19991957ii a 000 0 eng d |
| 010 |
|
|
|a 62001040
|
| 020 |
|
|
|a 8121904668
|
| 040 |
|
|
|a DLC
|c CarP
|d DLC
|d BD-DhAAL
|
| 082 |
0 |
4 |
|a 530.76
|2 15
|
| 100 |
1 |
|
|a Arora, C. L.
|9 59591
|
| 245 |
1 |
0 |
|a Refresher course in B. Sc. physics /
|c C. L. Arora.
|
| 260 |
|
|
|a New Delhi :
|b S. Chand & Company,
|c 1957 [reprinted 1999]
|
| 300 |
|
|
|a 416 pages :
|b illustrations ;
|c 23 cm.
|
| 362 |
0 |
|
|a Vol. II
|
| 490 |
0 |
|
|a Refresher course series.
|
| 500 |
|
|
|a including waves,vibration and sound, optics, atomic and molecular physics. and also including solved long answer type, short answer type, obejective type, multiple choice and numerical problems.
|
| 541 |
1 |
|
|e 00021033
|
| 650 |
|
0 |
|a Physics
|x Examinations, questions, etc.
|9 59592
|
| 852 |
4 |
|
|a Ayesha Abed Library
|j General shelf
|
| 942 |
|
|
|2 ddc
|c BK
|
| 999 |
|
|
|c 9560
|d 9560
|
| 952 |
|
|
|0 0
|1 0
|2 ddc
|4 0
|6 530_760000000000000_ARO_1999
|7 0
|9 12131
|a BRACUL
|b BRACUL
|c GEN
|d 2010-09-26
|l 0
|o 530.76 ARO
|p 3010021033
|r 2010-09-26
|t 1
|w 2010-09-26
|y BK
|
| 952 |
|
|
|0 0
|1 0
|2 ddc
|4 0
|6 530_760000000000000_ARO
|7 0
|9 12132
|a BRACUL
|b BRACUL
|c GEN
|d 2010-09-26
|l 3
|m 14
|o 530.76 ARO
|p 3010021034
|r 2023-12-06
|s 2023-10-28
|t 2
|w 2010-09-26
|y BK
|x Transferred from BRACUL to SCL on 08/08/22
|
| 952 |
|
|
|0 0
|1 0
|2 ddc
|4 0
|6 530_760000000000000_ARO_1999
|7 0
|9 12133
|a BRACUL
|b BRACUL
|c GEN
|d 2010-09-26
|l 2
|m 3
|o 530.76 ARO
|p 3010021035
|r 2017-06-07
|s 2017-05-15
|t 3
|w 2010-09-26
|y BK
|
| 952 |
|
|
|0 0
|1 4
|2 ddc
|4 0
|6 530_760000000000000_ARO
|7 0
|9 12134
|a BRACUL
|b BRACUL
|c GEN
|d 2010-09-26
|l 0
|o 530.76 ARO
|p 3010021036
|r 2010-09-26
|t 4
|w 2010-09-26
|y BK
|x Koha Inventory 2020
|
| 952 |
|
|
|0 0
|1 0
|2 ddc
|4 0
|6 530_760000000000000_ARO_1999
|7 0
|9 12135
|a BRACUL
|b BRACUL
|c GEN
|d 2010-09-26
|l 3
|m 15
|o 530.76 ARO
|p 3010021037
|r 2011-11-28
|s 2011-10-17
|t 5
|w 2010-09-26
|y BK
|